Historický časopis vedecký časopis o dejinách Slovenska a strednej Európy

Uložené v:
Podrobná bibliografia
Médium: Seriál
Jazyk:Slovak
Vydavateľské údaje: Bratislava Historický ústav SAV 2020
Tagy: Pridať tag
Žiadne tagy, Buďte prvý, kto otaguje tento záznam!

MARC

LEADER 00000nas2a2200000 4500
001 0267501
005 20200810110929.3
022 |a 0018-2575 
041 0 |a slo 
044 |a SK 
245 1 0 |a Historický časopis  |b vedecký časopis o dejinách Slovenska a strednej Európy 
264 1 |a Bratislava  |b Historický ústav SAV  |c 2020 
773 0 |w eu_un_cat*s120045